000 00312nam a2200133Ia 4500
008 191201s2012 xx 000 0 und d
100 _aSHARMA, RC
245 0 _aBusiness Correspondence and Report Writing
250 _aRep
260 _aN. Delhi
_bTMH
_c2012
300 _a415
650 _aBBA
942 _2ddc
_cBK
999 _c5785
_d5785